000 00208nam a22000857a 4500
008 161112b xxu||||| |||| 00| 0 eng d
100 _91171
_aKhan.F.A.
245 _aSocial Science-1
260 _aNew Delhi
_bEsp
_c2012
999 _c3846
_d3846